Prophet Song (Record no. 3760)

MARC details
000 -LEADER
fixed length control field 00400nam a22001817a 4500
003 - CONTROL NUMBER IDENTIFIER
control field OSt
005 - DATE AND TIME OF LATEST TRANSACTION
control field 20250403150219.0
008 - FIXED-LENGTH DATA ELEMENTS--GENERAL INFORMATION
fixed length control field 250403b |||||||| |||| 00| 0 eng d
020 ## - INTERNATIONAL STANDARD BOOK NUMBER
International Standard Book Number 9780861545896
082 ## - DEWEY DECIMAL CLASSIFICATION NUMBER
Classification number 780
Item number LYNP
100 ## - MAIN ENTRY--PERSONAL NAME
Personal name Lynch, Paul
245 ## - TITLE STATEMENT
Title Prophet Song
260 ## - PUBLICATION, DISTRIBUTION, ETC.
Name of publisher, distributor, etc. UK
Date of publication, distribution, etc. Oneworld Publications
300 ## - PHYSICAL DESCRIPTION
Extent 309p.
546 ## - LANGUAGE NOTE
Language note English
651 ## - SUBJECT ADDED ENTRY--GEOGRAPHIC NAME
Geographic name Music
942 ## - ADDED ENTRY ELEMENTS (KOHA)
Source of classification or shelving scheme Dewey Decimal Classification
Koha item type Book
Holdings
Withdrawn status Lost status Source of classification or shelving scheme Damaged status Not for loan Collection code Home library Current library Shelving location Date acquired Source of acquisition Cost, normal purchase price Inventory number Total Checkouts Full call number Barcode Date last seen Price effective from Koha item type
    Dewey Decimal Classification     Fiction RIC Library RIC Library General Stacks 04/03/2025 Allied Informatics 1120.00 13030/27.02.2025   780 Music 003038 04/03/2025 04/03/2025 Book

Venue

Rajasthan International Centre
Sansthan Path,JLN Marg, Jaipur- 302017
Phone: +91-7230904025